00517 a2200133 4500010001400000020002300014035001300037037001500050082001100065245017800076260004200254270005600296300003100352 aENG-86953 a8172111908c300.00 aEN-70486 bDBAD / PUB14a333.72 aRetrieving the lost paradise celebrating the earth day :ced.by Ravi Sundaramba livable earth is a basic human right and steps should be taken to create one for posterity / aNew DelhibNorthern Book Centrec2005 a4221/1, Ansari Road, Daryaganj,bNew Delhie110 002 axvi, 72p.c25cm (Hb)bill.